Artist, Composer, Philosopher Sort Quiz Stats

 Plays Quiz Updated Mar 22, 2016

Challenge
Share
Tweet
Embed
Score 0/33 Timer 05:00
4 Plays Today
% Correct
Aristotle
96.3%
Claude Monet
94.7%
Leonardo Da Vinci
94.1%
Ludwig van Beethoven
93.7%
Michelangelo
93.3%
Plato
93.2%
Karl Marx
93.1%
Wolfgang Amadeus Mozart
92.4%
Johann Sebastian Bach
92.3%
Andrew Lloyd Webber
92.3%
Vincent van Gogh
91.7%
Pyotr Ilyich Tchaikovsky
91.5%
Rembrandt
90.6%
Salvador Dalí
90.5%
Franz Schubert
89.8%
Raphael
89.8%
George Frideric Handel
89.4%
% Correct
René Descartes
87.8%
John Locke
87.6%
Immanuel Kant
87.5%
Auguste Rodin
86.4%
George Gershwin
86.3%
Francisco Goya
86.1%
Giacomo Puccini
82.7%
David Hume
82.5%
Joseph Haydn
81.6%
Caravaggio
80.2%
Bertrand Russell
76.4%
Arthur Schopenhauer
76.3%
Ludwig Wittgenstein
66.8%
William James
65.9%
Gutzon Borglum
35.1%
Robert Lopez
29.8%

You're not logged in!

Compare scores with friends on all Sporcle quizzes.
Join for Free
OR
Log In

You Might Also Like...

Show Comments

Extras

Top Quizzes Today


Score Distribution

Your Account Isn't Verified!

In order to create a playlist on Sporcle, you need to verify the email address you used during registration. Go to your Sporcle Settings to finish the process.

Report this User

Report this user for behavior that violates our Community Guidelines.

Details: